000 00470nam a2200169Ia 4500
003 GCL
008 140319s9999 xx 000 0 ara d
040 _aGCL /
_cGCL
082 0 4 _a213
_bم د
100 1 _aمحمد الراوى
245 1 0 _aالدعوة الاسلامية: دعوة عالمية /
_cمحمد الراوى
300 _a602 ص
490 _a100 قصة
_v0
650 0 4 _aالاسلام
650 0 4 _aالدعوة الاسلامية
942 _2ddc
_cBK
999 _c43901
_d43901